Quizzes
Events
Quiz Creation
Community
Videos
Private Events
Remove Ads
Sign In
Join for FREE
Feedback
Dark Mode
Quiz Categories
Sports
Geography
Music
Movies
Television
Just For Fun
Miscellaneous
History
Literature
Language
Science
Gaming
Entertainment
Religion
Holiday
For Kids
Quiz Lab
Recent
Popular Today
Quiz Kudos Today
Editor Picks
Curator Picks
Quizzes by...
Day
Popularity
Type
Ratings
Length
Year
Community
Subscriptions
Recent Discussions
Orange Saloon
Badges
Playlists
Quests
Create
Leaderboards
Showdown
Live 5
Trivia Bingo
Activity
Puzzle Library
Sporcle Events
Private Events
Virtual Trivia
Globe League
Become a Host
Pub Owners
SporcleCon
Opinionation
Our Games
Videos
Blog
Mobile Apps
Partnerships
Remove Ads and Go Orange
Feedback
Geography
Country
Landmarks
City
State
Population
World
Capital
Continent
Flags
Europe
Africa
Asia
South America
North America
Oceania
Border
Canada
United Kingdom
Topography
United States
Geography
Country
Landmarks
City
State
Population
World
Capital
Continent
Flags
Europe
Africa
Asia
South America
North America
Oceania
Border
Canada
United Kingdom
Topography
United States
Random Quiz
Search Sporcle
×
Quiz Lab
Quiz Lab
Geography
Country
Type in answers that appear in a list
Type in answers that appear in a list
Classic
Best Score? Go Orange.
Metallic Countries Stats
Can you name the countries that produce the most of each metal?
By
mszzz
4m
60 Questions
156 Plays
156 Plays
156 Plays
Comments
Comments
Give Quiz Kudos
Give Quiz Kudos
-
- Ratings
hide this ad
Replay
Link that replays current quiz
Next Quiz
Link to next quiz in quiz playlist
You Got
0%
They Got
Avg Score
88%
Avg Friend Score
Upgrade to see
Score Distribution
Jump to the score distribution portion of the page
Score
0/60
Timer
04:00
0
Plays Today
Hint
Answer
% Correct
Aluminum
China
98.7%
Copper
China
98.7%
Gold
China
98.7%
Iron Ore
China
98.7%
Lithium
China
98.7%
Manganese
China
98.7%
Silver
China
98.7%
Tin
China
98.7%
Titanium
China
98.7%
Zinc
China
98.7%
Copper
United States
98.1%
Gold
United States
98.1%
Palladium
United States
98.1%
Platinum
United States
98.1%
Zinc
United States
98.1%
Aluminum
Russia
97.4%
Gold
Russia
97.4%
Iron Ore
Russia
97.4%
Palladium
Russia
97.4%
Platinum
Russia
97.4%
Silver
Russia
97.4%
Titanium
Russia
97.4%
Gold
Australia
95.5%
Iron Ore
Australia
95.5%
Iron Ore
Brazil
95.5%
Lithium
Australia
95.5%
Manganese
Australia
95.5%
Manganese
Brazil
95.5%
Silver
Mexico
95.5%
Silver
Australia
95.5%
Hint
Answer
% Correct
Tin
Brazil
95.5%
Zinc
Australia
95.5%
Aluminum
India
93.6%
Iron Ore
India
93.6%
Manganese
South Africa
93.6%
Palladium
South Africa
93.6%
Platinum
South Africa
93.6%
Aluminum
Canada
92.3%
Gold
Canada
92.3%
Palladium
Canada
92.3%
Platinum
Canada
92.3%
Zinc
Canada
92.3%
Copper
Chile
90.4%
Lithium
Chile
90.4%
Lithium
Argentina
89.1%
Copper
Peru
84%
Silver
Peru
84%
Tin
Indonesia
84%
Tin
Peru
84%
Zinc
Peru
84%
Copper
Democratic Republic of the Congo
82.1%
Titanium
Japan
79.5%
Tin
Bolivia
76.9%
Titanium
Kazakhstan
76.3%
Titanium
Ukraine
75%
Lithium
Zimbabwe
50.6%
Palladium
Zimbabwe
50.6%
Platinum
Zimbabwe
50.6%
Aluminum
United Arab Emirates
16.7%
Manganese
Gabon
14.1%
Quiz Playlist
Details
Report
Send in Message
Add To Playlist
Classic:
Type in answers that appear in a list
Quiz Source
Last Updated: May 1, 2017
Quiz Scoreboard
CHALLENGE
Sign Up to Join the Scoreboard
Show All
Scores
Hide
Comments
May contain spoilers
Recently Published
One Thing in Common: World Cities II
by knightlancer
Geography
7m
Popular People in 1961
by mucciniale
History
6m
1-10 Letter E Words III
by El_Dandy
Language
2m
More to Explore
Quiz From the Vault
Featured Blog Post
Where Did the Easter Bunny Come From?
hide this ad
You Might Also Like...
Tags
Country Quiz
By Category
Category
metal
Producing
Top Countries
Today's Top Quizzes in Geography
Browse Geography
hide this ad
Today's Top Quizzes in Country
Browse Country
Top Contributed Quizzes in Geography
1
Countries of the World - No Outlines Minefield
2
African Flag Reveal XLV
3
Top 25 Cities of France on a map
4
Closest Countries to UK A-Z
5
Blind Secret Country CLXXXVIII
6
Find the US States - No Outlines
7
One Thing in Common: Asia
8
Blind Ultimate Minefield: Asia
9
30 Pics in 60: Landmark Cities
10
Find the States of India (Picture Click)
Explore More
Trending Topics
Kpop
Harry Potter
Disney
Anime
Marvel
NBA
Crossword
NFL
Soccer
Song
The Office
Puzzle
Country
Pokémon
WWE
hide this ad
More By:
mszzz
Quiz
Plays
Rating
Category
Featured
Created
Most Populous US Cities on a Map
138,586
4.78
Geography
Aug 1, 2014
Canada, Mexico, or US Capital?
116,505
4.59
Geography
Mar 13, 2015
Most Defensive Countries
96,573
4.67
Geography
Oct 19, 2014
Fast Food Countries
62,396
4.72
Geography
Jan 6, 2018
Atlantic or Pacific?
58,672
4.58
Geography
Aug 14, 2014
Go to Creator's Profile
Score Distribution
Quiz Creator Spotlight
mszzz
Follow
Send a Message
Quizzes Created
-
Created Quiz Play Count
-
More By This Creator
Popular Quizzes Today
1
Find the US States - No Outlines Minefield
2
The Countries of the World
3
Popular People in 1961
4
Find the Countries of Europe - No Outlines Minefield
5
1-10 Letter E Words III
6
Find the US States
7
One Thing in Common: World Cities II
8
US States
More Geography Quizzes
Most Muslim Countries
Curator's Pick
Trending Quizzes
Country Music Stars Doing Things
Get the Picture: Carrie or Dolly
1-10 Letter F Words
1-10 Letter G Words
Risky Map Clicking: Next State Alphabetically
Recently Updated
Leaping Animals
pecheneg
Reality TV Shows (A-Z)
bhenderson79
Rickey Henderson's Hall of Fame Teammates
pecheneg
Champions League XIs: Arsenal
pecheneg
Quick Pick: Celebrities in WWE's Hall of Fame
aduchscher
A-Z Keypad Blitz II
pecheneg
Multiple Oscar Actors
pecheneg
Mystery Phrase Blitz: Oscar 'Best Actors'
pecheneg
F. Scott Fitzgerald Novels
LTH
Pick 3 Villains
ddd62291
Trending Topics
Marvel
Kpop
Anime
Crossword
NBA
Harry Potter
Disney
Country
NFL
Puzzle
The Office
Pokémon
Soccer
WWE
Song
Your Account Isn't Verified!
In order to create a playlist on Sporcle, you need to verify the email address you used during registration. Go to your
Sporcle Settings
to finish the process.
Report this User
Report this user for behavior that violates our
Community Guidelines
.
Details:
Send Report
Go to the Sporcle.com Mobile Site →
Comments